000 00649na a2200241 4500
001 15631
003 MIRAKIL
005 20181213154822.0
008 170623b tu 000 0
020 _a9754770107
040 _aMilas
_btur
_cTR-AnCHP
041 _atur
082 _a320.55
_bŞ29t 1992
090 _a320.55 Ş29t 1992
100 _aŞaylan, Gencay
_d1940 -
245 _aTürkiye'de İslamcı siyaset
_cGencay Şaylan
250 _agnşl. 2 bs.
260 _aAnkara
_bVerso yayıncılık
_c1992
300 _a250 s.
_c19 sm.
650 _aSiyasal tarih
_zTürkiye
650 _aİslam ve politika
_zTürkiye
942 _2dcc
_cBKS
999 _c1399
_d1399